Barcas voladoras
De la escritora argentina Liliana Santirso, libro de literatura infantil con diversos relatos ambientados en un océano en el que se representan las fantasías y sueños del autor. Presenta múltiples personajes, todas las historias conllevan aprendizaje de vida y moralejas sobre superar las adversidade...
Guardado en:
| 主要作者: | |
|---|---|
| 格式: | 圖書 |
| 語言: | Undetermined |
| 出版: |
México, Distrito Federal
Amaquemecan
1985
|
| 版: | 1 |
| 主題: | |
| 標簽: |
添加標簽
沒有標簽, 成為第一個標記此記錄!
|
MARC
| LEADER | 00000nam a2200000Ia 4500 | ||
|---|---|---|---|
| 008 | 170316s9999 xx 000 0 und d | ||
| 040 | |a cru BVZT | ||
| 090 | |a 860 S-13.1b | ||
| 100 | |a Santirso, Liliana |9 991 | ||
| 245 | |a Barcas voladoras |c / Liliana Santirso | ||
| 250 | |a 1 | ||
| 260 | |a México, Distrito Federal |b Amaquemecan |c 1985 | ||
| 300 | |a 61 páginas | ||
| 520 | |a De la escritora argentina Liliana Santirso, libro de literatura infantil con diversos relatos ambientados en un océano en el que se representan las fantasías y sueños del autor. Presenta múltiples personajes, todas las historias conllevan aprendizaje de vida y moralejas sobre superar las adversidades. | ||
| 650 | |a LITERATURA LATINOAMERICANA |9 15 | ||
| 650 | |a CUENTOS |9 271 | ||
| 999 | |c 8288 |d 8288 | ||
| 942 | |c 15 D |h 860 S-13.1b |2 z | ||
